Precalculus : (Record no. 2169)
[ view plain ]
| 000 -LEADER | |
|---|---|
| fixed length control field | 00536nam a22001937a 4500 |
| 003 - CONTROL NUMBER IDENTIFIER | |
| control field | OSt |
| 005 - DATE AND TIME OF LATEST TRANSACTION | |
| control field | 20151201152205.0 |
| 008 - FIXED-LENGTH DATA ELEMENTS--GENERAL INFORMATION | |
| fixed length control field | 130307t xxu||||| |||| 00| 0 eng d |
| 020 ## - INTERNATIONAL STANDARD BOOK NUMBER | |
| International Standard Book Number | 0072368713 |
| 050 ## - LIBRARY OF CONGRESS CALL NUMBER | |
| Classification number | QA 331 .3 |
| Item number | .B261 2003 |
| 082 ## - DEWEY DECIMAL CLASSIFICATION NUMBER | |
| Classification number | HS 512.1 |
| Item number | B26 2003 |
| 100 ## - MAIN ENTRY--PERSONAL NAME | |
| Personal name | Barnett, Raymond A. |
| 245 ## - TITLE STATEMENT | |
| Title | Precalculus : |
| Remainder of title | functions and graphs / |
| Statement of responsibility, etc | Raymond A. Barnett, Michael R. Ziegler, Karl E. Bylean. |
| 260 ## - PUBLICATION, DISTRIBUTION, ETC. (IMPRINT) | |
| Place of publication, distribution, etc | Boston |
| Name of publisher, distributor, etc | McGraw Hill |
| Date of publication, distribution, etc | 2003 |
| 300 ## - PHYSICAL DESCRIPTION | |
| Extent | xxiv |
| Dimensions | 27 cm |
| 562 ## - COPY AND VERSION IDENTIFICATION NOTE | |
| Number of copies | 1 |
| 942 ## - ADDED ENTRY ELEMENTS (KOHA) | |
| Source of classification or shelving scheme | Library of Congress Classification |
| Koha item type | Books |
| Withdrawn status | Lost status | Source of classification or shelving scheme | Damaged status | Home library | Current library | Shelving location | Date acquired | Total Checkouts | Full call number | Barcode | Date last seen | Copy number | Price effective from | Koha item type |
|---|---|---|---|---|---|---|---|---|---|---|---|---|---|---|
| Library of Congress Classification | Luxembourg Library | Luxembourg Library | International Baccalaureate Section | 03/07/2013 | QA 331.3 .B261 2003 | IB0093 | 08/13/2013 | 1 | 03/07/2013 | Books |